00399ntaaa2200157 45000030003000000050017000030080021000200400037000410820017000781000016000952450034001112500010001452600049001553000009002046500028002130120251027202301.00714s1973 ag 01  aAR-BaBNbspacAR-BaBNeaacrdRIC a270.9100 D38 aDell, R.S.  aAn atlas of christian history a1 ed. aLondon : bGeorge Philip and Son Ltd, c1960 a24 p ahistoria eclesiástica